Score 0/23 Timer 04:00
4 Plays Today
% Correct
Jack and
97.2%
Better Homes and
96.1%
Guns &
95.6%
Car and
93.2%
U.S. News &
92.9%
Food &
91.5%
Horse &
89%
Marine Fish and
87.7%
Garden &
86.5%
Petersen's 4Wheel &
84%
Radioelectronics and
83.5%
Nuts &
82.3%
% Correct
Meetings and
81.3%
Strategy &
79.5%
Field &
77.5%
Aviation Week &
77%
Road &
76.1%
Birds &
75.2%
Life &
74%
Books &
66.3%
Sky &
63.8%
Blood &
31.4%
Fire &
13.9%

You're not logged in!

Compare scores with friends on all Sporcle quizzes.
OR
Log In

Sporcle TV

Today on Sporcle TV


Watch our educational content, quiz creation guides, and fun videos on Sporcle TV.

Show Comments

Extras

Top Quizzes Today


Score Distribution

Paid Content

Your Account Isn't Verified!

In order to create a playlist on Sporcle, you need to verify the email address you used during registration. Go to your Sporcle Settings to finish the process.

Report this User

Report this user for behavior that violates our Community Guidelines.

Details: